01159nam a2200253Ii 45000010005000000030009000050080041000140200031000550400033000860410008001190820014001271000036001412450065001772640062002423000012003043360026003163370028003423380027003709400050003979990017004479520147004649520147006119520147007581601CO-ViMGA241108s9999||||xx |||||||||||||| ||und|| a8480553693 (Obra completa) aCO-ViMGAbspaerdacCO-ViMGA0 aspa04a690.1 G831 aJuan Carlos Gil Espinosa94913410aGuía práctica de plomería :bgasfitería-fontanería 1a[Lugar de publicación no identificado] : Cultural, 2000 avolumen atextbtxt2rdacontent aunmediatedbn2rdamedia avolumebnc2rdacarrier aidficha_siabuc: 1568. -- ficha_no_siabuc:1601 c43777d43777 001040708001aMEVIGERRbMEVIGERRcGENd2003-11-15hVol. Tomo 3o690.1 G83pECA14587r2024-11-26 09:16:46tEj.1w2024-11-26yBKz1568 | 1885 001040708001aMEVIGERRbMEVIGERRcGENd2003-11-15hVol. Tomo 1o690.1 G83pECA14585r2024-11-26 09:16:46tEj.1w2024-11-26yBKz1568 | 1883 001040708001aMEVIGERRbMEVIGERRcGENd2003-11-15hVol. Tomo 2o690.1 G83pECA14586r2024-11-26 09:16:46tEj.1w2024-11-26yBKz1568 | 1884